00776nam a22002177a 450000500170000001000150001702000270003203500140005903700090007308200110008210000230009324501000011625000060021626000550022227000760027730000210035370000100037494200250038499900190040995201300042820260327115721.0 aENG-147989 a9789364442978c1095.00 aEN-131521 bDBAD a00021 aSHARMA ARUN988796 aQUANTATIVE APTITUDE for CATcARUN SHARMAbCommon Admission Test & Other Management Examinations a1 aIndiabMcGraw Hill Education Private Limitedc2026 aAnjana complex no: 5/90A, Butt Road, St. Thomas Mount,bchennaic600016 a865.pgc27cm(pb) 988786 2ddccENh000mSHAe1 c215782d215782 001040708NFICaZLSbZLSd2026-03-27eDBADg1095.00l0o000 SHApEN-131521r2026-03-27 00:00:00t1v1095.00w2026-03-27yEN